• 首页
  • 本馆介绍
  • 公告通知
  • 最新文献
  • 馆藏检索
  • 电子资源
  • 读者导购
  • 参考咨询
  • 我的图书馆
  • 登录
  • 详细信息显示
  • 放入我的书架
  • 预约/预借图书
  • 作者相关作品
  • 分类相关作品
  • 丛书相关作品
  • 出版社相关作品

书目信息

  • 表格格式
  • 工作单格式
  • 卡片格式
题名:
美国社区
    
 
作者: 谢芳 著
分册:  
出版信息: 北京   中国社会出版社  2004
页数: 403页
开本: 21cm
丛书名: 学者眼中之国外社区
单 册:
中图分类: D771.283
科图分类:
主题词: 社区--研究--美国
电子资源:
ISBN: 7-80146-858-9
000 00788oam2 2200253 45
001 002616458
005 20050331082608.5
010    @a7-80146-858-9@dCNY24.00
100    @a20040329d2004 emky0chiy0110 ea
101 0  @achi
102    @aCN@b110000
105    @ay z 000yy
106    @ar
200 1  @a美国社区@Amei guo she qu@f谢芳著@FXie Fang Zhu
210    @a北京@c中国社会出版社@d2004
215    @a403页@d21cm
225 2  @a学者眼中之国外社区
330    @a本书告诉读者美国是世界上社团势力最强、社区组织最完善的国家,包括在社区听证会上能看到平民百姓与联合国秘书长一起议论家长里短等内容。
410    @12001 @a学者眼中之国外社区
606 0  @a社区@x研究@y美国
690    @aD771.283@v4
701  0 @a谢芳@4著
801  0 @aCN@bNLC@c20040701
905    @f5@b346950-954@dD771.283@e229
    
    美国社区/谢芳著.-北京:中国社会出版社,2004
    403页;21cm.-(学者眼中之国外社区)
    
    
    ISBN 7-80146-858-9:CNY24.00
    本书告诉读者美国是世界上社团势力最强、社区组织最完善的国家,包括在社区听证会上能看到平民百姓与联合国秘书长一起议论家长里短等内容。
●
相关链接 在E读中查询图书 在五车中查询图书 在当当中查询图书 在豆瓣中查询图书


正题名:美国社区     索取号:D771.283/229         预约/预借

序号 登录号 条形码 馆藏地/架位号 状态 备注
1 0346950   203469503   第一借阅区/ [索取号:D771.283/229] 在馆    
2 0346951   203469512   第一借阅区/ [索取号:D771.283/229] 在馆    
3 0346952   203469521   第一借阅区/ [索取号:D771.283/229] 在馆    
4 0346953   203469530   第一借阅区/ [索取号:D771.283/229] 在馆    
5 0346954   203469549   第一借阅区/ [索取号:D771.283/229] 在馆    
唐山师范学院图书馆 欢迎您!
大连网信软件有限公司© 版权所有